[Event "Lloyds Bank op 18th"]
[Site "London"]
[Date "1994.??.??"]
[Round "3"]
[White "Rosenberg, Daniel"]
[Black "Parker, Jonathan"]
[Result "1/2-1/2"]
[WhiteElo "2205"]
[BlackElo "2400"]
[PlyCount "59"]
[EventDate "1994.08.??"]
[EventType "swiss"]
[EventRounds "10"]
[EventCountry "ENG"]
[SourceTitle "EXT 2000"]
[Source "ChessBase"]
[SourceDate "1999.11.16"]
[SourceVersion "1"]
[SourceVersionDate "1999.11.16"]
[SourceQuality "1"]

1. d4 f5 2. c4 Nf6 3. g3 e6 4. Bg2 d5 5. Nh3 c6 6. 0-0 Bd6 7. b3 0-0 8. Ba3 b6 9. Bxd6 Qxd6 10. Nc3 Nbd7 11. Rc1 Ba6 12. cxd5 exd5 13. Re1 Rae8 14. f3 Re3 15. Qd2 Re7 16. e4 fxe4 17. fxe4 dxe4 18. Nxe4 Nxe4 19. Bxe4 Bb7 20. Nf4 Rfe8 21. Bg2 Rxe1+ 22. Rxe1 Rxe1+ 23. Qxe1 Qxd4+ 24. Kh1 Qe5 25. Qc1 Kh8 26. h3 Nf6 27. Qa3 Qb8 28. Qe7 Ng8 29. Qf7 Nh6 30. Qe7 1/2-1/2

[Event "New York Enhance MCC"]
[Site "New York"]
[Date "1992.??.??"]
[Round "7"]
[White "Garber, Stanislav"]
[Black "Rosenberg, Daniel"]
[Result "1-0"]
[WhiteElo "2385"]
[BlackElo "2295"]
[PlyCount "53"]
[EventDate "1992.??.??"]
[EventType "tourn"]
[EventRounds "9"]
[EventCountry "USA"]
[EventCategory "4"]
[SourceTitle "EXT 1997"]
[Source "ChessBase"]
[SourceDate "1996.11.15"]
[SourceVersion "1"]
[SourceVersionDate "1996.11.15"]
[SourceQuality "1"]

1. e4 g6 2. d4 Bg7 3. Nc3 d6 4. Be3 a6 5. a4 Nf6 6. h3 0-0 7. Nf3 b6 8. Be2 Bb7 9. Nd2 e5 10. d5 Nbd7 11. 0-0 c6 12. Nc4 Nc5 13. dxc6 Bxc6 14. f3 Nh5 15. Qxd6 Qxd6 16. Nxd6 Ng3 17. Rfe1 Nxe2+ 18. Rxe2 Rad8 19. Nc4 Nxa4 20. Nxa4 Bxa4 21. Bxb6 Bb5 22. Bxd8 Rxd8 23. Rd2 Rc8 24. Nd6 Bh6 25. Nxc8 Bxd2 26. Nd6 Be2 27. Kf2 1-0

[Event "New York Enhance MCC"]
[Site "New York"]
[Date "1992.??.??"]
[Round "3"]
[White "Sammour Hasbun, Jorge E"]
[Black "Rosenberg, Daniel"]
[Result "0-1"]
[WhiteElo "2350"]
[BlackElo "2295"]
[PlyCount "88"]
[EventDate "1992.??.??"]
[EventType "tourn"]
[EventRounds "9"]
[EventCountry "USA"]
[EventCategory "4"]
[SourceTitle "EXT 1997"]
[Source "ChessBase"]
[SourceDate "1996.11.15"]
[SourceVersion "1"]
[SourceVersionDate "1996.11.15"]
[SourceQuality "1"]

1. e4 g6 2. d4 Bg7 3. Nf3 d6 4. c4 Nf6 5. Nc3 0-0 6. Be2 e5 7. 0-0 Nc6 8. d5 Ne7 9. Nd2 a5 10. a3 Nd7 11. Rb1 f5 12. b4 Kh8 13. Qc2 axb4 14. axb4 Ng8 15. Bd3 Ndf6 16. exf5 gxf5 17. Bxf5 Bxf5 18. Qxf5 Nxd5 19. Qc2 Nxc3 20. Qxc3 Nf6 21. Bb2 Qd7 22. f3 Rg8 23. Ne4 Raf8 24. Ng3 h5 25. Qd3 Bh6 26. c5 Bf4 27. Ne2 Bh6 28. Rbd1 Qg7 29. g3 dxc5 30. Bxe5 cxb4 31. Nd4 Qg6 32. Qc4 Kh7 33. Qxc7+ Rf7 34. Qd6 Re8 35. Rde1 Bf8 36. Qb6 Nd7 37. Qxg6+ Kxg6 38. Bf4 Rxe1 39. Rxe1 Bc5 40. Rd1 Nf6 41. Be3 Rd7 42. Kg2 Nd5 43. Bf2 Bxd4 44. Rxd4 b3 0-1

[Event "BCF-ch 78th"]
[Site "Eastbourne"]
[Date "1991.??.??"]
[Round "6"]
[White "Ledger, Andrew"]
[Black "Rosenberg, Daniel"]
[Result "1/2-1/2"]
[WhiteElo "2350"]
[BlackElo "2230"]
[PlyCount "56"]
[EventDate "1991.07.??"]
[EventType "swiss"]
[EventRounds "11"]
[EventCountry "ENG"]
[SourceTitle "EXT 1997"]
[Source "ChessBase"]
[SourceDate "1996.11.15"]
[SourceVersion "1"]
[SourceVersionDate "1996.11.15"]
[SourceQuality "1"]

1. Nf3 Nf6 2. g3 g6 3. Bg2 Bg7 4. 0-0 0-0 5. d4 d6 6. Nbd2 Nbd7 7. e4 e5 8. c3 c6 9. Qc2 Qc7 10. b3 b5 11. a4 Bb7 12. Bb2 a6 13. c4 bxc4 14. Qxc4 Nxe4 15. Nxe4 d5 16. Qc2 dxe4 17. Nxe5 Nxe5 18. dxe5 Bxe5 19. Bxe5 Qxe5 20. Bxe4 Rfe8 21. Rfe1 Rab8 22. Rad1 c5 23. Bxb7 Qxe1+ 24. Rxe1 Rxe1+ 25. Kg2 Rxb7 26. Qxc5 Rxb3 27. Qc8+ Kg7 28. Qxa6 Ra3 1/2-1/2

[Event "BCF-ch 78th"]
[Site "Eastbourne"]
[Date "1991.??.??"]
[Round "2"]
[White "Rosenberg, Daniel"]
[Black "Cooper, John Grantley"]
[Result "1/2-1/2"]
[WhiteElo "2230"]
[BlackElo "2370"]
[PlyCount "90"]
[EventDate "1991.07.??"]
[EventType "swiss"]
[EventRounds "11"]
[EventCountry "ENG"]
[SourceTitle "EXT 1997"]
[Source "ChessBase"]
[SourceDate "1996.11.15"]
[SourceVersion "1"]
[SourceVersionDate "1996.11.15"]
[SourceQuality "1"]

1. d4 Nf6 2. c4 g6 3. Nc3 Bg7 4. e4 d6 5. Nf3 0-0 6. Be2 e5 7. 0-0 Nc6 8. d5 Ne7 9. Ne1 Nd7 10. Nd3 f5 11. Bd2 fxe4 12. Nxe4 Nf6 13. f3 c6 14. Ndf2 cxd5 15. Nxf6+ Bxf6 16. cxd5 Nf5 17. g4 Nd4 18. Be3 Bg7 19. Ne4 h5 20. h3 Bd7 21. Kg2 Qa5 22. Bc4 Qb4 23. b3 a5 24. a4 Rac8 25. Qd3 b5 26. axb5 Nxb3 27. Qxb3 Rxc4 28. Qxb4 Rxb4 29. b6 hxg4 30. hxg4 a4 31. Rfb1 Rxb1 32. Rxb1 a3 33. Ra1 Ra8 34. b7 Rb8 35. Nxd6 e4 36. Rxa3 exf3+ 37. Kf2 Bf8 38. Ba7 Rxb7 39. Nxb7 Bxa3 40. Kxf3 Bb4 41. Bc5 Bc8 42. Bxb4 Bxb7 43. Ke4 g5 44. Bd2 Bc8 45. Kf3 Bb7 1/2-1/2

[Event "BCF-ch 78th"]
[Site "Eastbourne"]
[Date "1991.??.??"]
[Round "4"]
[White "Rosenberg, Daniel"]
[Black "Jackson, Oliver A"]
[Result "1-0"]
[WhiteElo "2230"]
[BlackElo "2345"]
[PlyCount "39"]
[EventDate "1991.07.??"]
[EventType "swiss"]
[EventRounds "11"]
[EventCountry "ENG"]
[SourceTitle "EXT 1997"]
[Source "ChessBase"]
[SourceDate "1996.11.15"]
[SourceVersion "1"]
[SourceVersionDate "1996.11.15"]
[SourceQuality "1"]

1. d4 Nf6 2. c4 e5 3. dxe5 Ng4 4. Bf4 Nc6 5. Nf3 Bb4+ 6. Nbd2 Qe7 7. e3 Ngxe5 8. Nxe5 Nxe5 9. Be2 b6 10. 0-0 Bxd2 11. Qxd2 Bb7 12. Rfd1 d6 13. b4 Ng6 14. c5 dxc5 15. Bb5+ c6 16. Bd6 Qe6 17. Be2 cxb4 18. Rac1 0-0-0 19. Qxb4 c5 20. Rxc5+ 1-0